| 000 | 00590nam a2200193Ia 4500 | ||
|---|---|---|---|
| 003 | IN-BaIIA | ||
| 008 | 211028s9999 xx 000 0 eng d | ||
| 020 | _a0-8243-0933-2 | ||
| 040 | _cIIA Library | ||
| 080 |
_a047.1:52 _bARA-33 |
||
| 245 | 0 |
_aAnnual review of astronomy and astrophysics _bvol. 33 _cedited by G. Burbidge |
|
| 260 |
_aCalifornia _bAnnual Reviews _c1995 |
||
| 300 | _avii, 656p. | ||
| 650 |
_aAnnual review _920965 |
||
| 650 |
_aAstronomy _980 |
||
| 650 |
_aAstrophysics _9794 |
||
| 700 |
_aBurbidge, G., ed _914854 |
||
| 942 | _cBK | ||
| 999 |
_c13838 _d13838 |
||